Strzelcy bramek w reprezentacji Polski za kadencji Smudy - Statystyki

Ogólne statystyki
  • Ten quiz został rozwiązany 125 razy
  • Średni wynik to 7 z 20
Statystyki odpowiedzi
Liczba goli Piłkarz % Poprawnych
12 Lewandowski
100%
8 Błaszczykowski
95%
3 Obraniak
67%
1 Glik
55%
1 Perquis
46%
6 Brożek
43%
1 Wasilewski
41%
1 Rybus
38%
1 Peszko
37%
1 Smolarek
36%
1 Mierzejewski
32%
1 Jeleń
27%
1 Matuszczyk
23%
1 Sobiech
23%
1 Sobota
16%
1 Nowak
7%
1 Iwański
5%
2 Małecki
4%
1 Plizga
4%
1 Robak
4%
Nie znaleziono quizów pasujących do podanych kryteriów
Rozkład punktacji
Procent ludzi z każdym wynikiem
Percentyl według liczby udzielonych odpowiedzi
Twoja historia wyników
Nie rozwiązałeś tego quizu